Педагогический кадровый ресурс современного университета в процессе диверсификации образования; Вестник Томского государственного педагогического университета; № 6
| Parent link: | Вестник Томского государственного педагогического университета.— , 1997- № 6.— 2011.— [С. 7-9] |
|---|---|
| Auteur principal: | |
| Résumé: | Заглавие с экрана Охарактеризовано явление диверсификации образования, сущность ресурсного подхода в деятельности современных вузов по формированию своего педагогического кадрового ресурса; указаны условия, способствующие эффективности этой деятельности. The article handles the notion of diversification in education, the essence of resource approach to the activity of modern higher institutions targeted at the formation of pedagogical human resource, and reviews the conditions contributing to the effectiveness of the activity. Режим доступа: по договору с организацией-держателем ресурса |
| Langue: | russe |
| Publié: |
2011
|
| Sujets: | |
| Accès en ligne: | http://vestnik.tspu.edu.ru/archive.html?year=2011&issue=6&article_id=2910 http://elibrary.ru/item.asp?id=16458119 |
| Format: | MixedMaterials Électronique Chapitre de livre |
| KOHA link: | https://koha.lib.tpu.ru/cgi-bin/koha/opac-detail.pl?biblionumber=638483 |
MARC
| LEADER | 00000naa0a2200000 4500 | ||
|---|---|---|---|
| 001 | 638483 | ||
| 005 | 20250204113617.0 | ||
| 035 | |a (RuTPU)RU\TPU\network\2847 | ||
| 090 | |a 638483 | ||
| 100 | |a 20150126d2011 k||y0rusy50 ca | ||
| 101 | 0 | |a rus | |
| 102 | |a RU | ||
| 135 | |a drcn ---uucaa | ||
| 181 | 0 | |a i | |
| 182 | 0 | |a b | |
| 200 | 1 | |a Педагогический кадровый ресурс современного университета в процессе диверсификации образования |d Pedagogical human resource of modern university in the process of diversification in education |f В. М. Ростовцева | |
| 203 | |a Текст |c электронный | ||
| 300 | |a Заглавие с экрана | ||
| 320 | |a [Библиогр.: с. 9 (5 назв.)] | ||
| 330 | |a Охарактеризовано явление диверсификации образования, сущность ресурсного подхода в деятельности современных вузов по формированию своего педагогического кадрового ресурса; указаны условия, способствующие эффективности этой деятельности. | ||
| 330 | |a The article handles the notion of diversification in education, the essence of resource approach to the activity of modern higher institutions targeted at the formation of pedagogical human resource, and reviews the conditions contributing to the effectiveness of the activity. | ||
| 333 | |a Режим доступа: по договору с организацией-держателем ресурса | ||
| 461 | |t Вестник Томского государственного педагогического университета |d 1997- | ||
| 463 | |t № 6 |v [С. 7-9] |d 2011 | ||
| 510 | 1 | |a Pedagogical human resource of modern university in the process of diversification in education |z eng | |
| 610 | 1 | |a электронный ресурс | |
| 610 | 1 | |a труды учёных ТПУ | |
| 610 | 1 | |a диверсификация | |
| 610 | 1 | |a образование | |
| 610 | 1 | |a ресурсный подход | |
| 610 | 1 | |a кадровый состав | |
| 610 | 1 | |a кадровый резерв | |
| 700 | 1 | |a Ростовцева |b В. М. |c лингвист |c доцент Томского политехнического университета, кандидат педагогических наук |f 1956- |g Вероника Михайловна |3 (RuTPU)RU\TPU\pers\24755 |9 10996 | |
| 801 | 2 | |a RU |b 63413507 |c 20160226 |g RCR | |
| 856 | 4 | |u http://vestnik.tspu.edu.ru/archive.html?year=2011&issue=6&article_id=2910 | |
| 856 | 4 | |u http://elibrary.ru/item.asp?id=16458119 | |
| 942 | |c CF | ||